Derecho Tributario : Parte general. Tomo I /
Guardado en:
| Autor Principal: | |
|---|---|
| Formato: | Desconocido |
| Idioma: | Spanish |
| Publicado: |
Buenos Aires :
Depalma,
1996
|
| Edición: | 2º ed. |
| Materias: | |
| Etiquetas: |
Agregar Etiqueta
Sin Etiquetas, Sea el primero en etiquetar este registro!
|
| LEADER | 00660nac a22001695a 4500 | ||
|---|---|---|---|
| 001 | DER.der001438 | ||
| 008 | 180615s1996####ag#||||||||||||||#||spa|| | ||
| 005 | 20210917092856.0 | ||
| 245 | 1 | 0 | |a Derecho Tributario : |b Parte general. |p Tomo I / |c Catalina. García Vizcaíno. |
| 250 | |a 2º ed. | ||
| 260 | |a Buenos Aires : |b Depalma, |c 1996 | ||
| 300 | |a 414 p. | ||
| 505 | 0 | |a Teoría general de la tributación. Derecho tributario en general. Derecho tributario constitucional. Derecho tributario material o sustantivo | |
| 020 | |a 9501408809 | ||
| 100 | 1 | |a García Vizcaíno, Catalina | |
| 650 | 7 | |a DERECHO TRIBUTARIO |2 UNBIS | |
| 859 | |a DERECHO |b BIB. DERECHO |h 344.3 |i GAR |k 1.37 |p 003514 |t 1 | ||
